Normal view MARC view
  • Vandewalle, J.

Entry Personal Name

Number of records used in: 1

001 - CONTROL NUMBER

  • control field: 84672

003 - CONTROL NUMBER IDENTIFIER

  • control field: NUST

005 - DATE AND TIME OF LATEST TRANSACTION

  • control field: 20211119155734.0

008 - FIXED-LENGTH DATA ELEMENTS

  • fixed length control field: 211119|| aca||aabn | a|a d

040 ## - CATALOGING SOURCE

  • Original cataloging agency: NUST
  • Transcribing agency: NUST

100 ## - HEADING--PERSONAL NAME

  • Personal name: Vandewalle, J.
  • Fuller form of name: (Joos),
  • Dates associated with a name: 1948-

670 ## - SOURCE DATA FOUND

  • Source citation: Work cat.: (NUST)31913: Espinosa, Jairo. 84668, Fuzzy Logic, Identification, and Predictive Control /, 2004.
© 2023 Central Library, National University of Sciences and Technology. All Rights Reserved.